000 00633nam a2200217 i 4500
001 52804
003 ES-MaACL
005 20230906162640.0
007 t|
008 030904s1949 sp ||||1| spa d
100 1 _aDeeping, Warwick.
_943195
245 1 0 _aRey por un día /
_cWarwick Deeping ; [traducción del inglés por Enrique de Juan].
250 _a[1ª ed.].
260 _a[Barcelona] :
_bL.A.R.A.,
_c1949 (
_fAgustín Núñez)
300 _a211 p. ;
_c22 cm.
490 1 _aAmanecer
700 1 _aJuan, Enrique de.
_967090
830 0 _aAmanecer
_9181036
852 _aES-MaACL
_jC-15481
_bR.43200
999 _c52804
_d52804